| Tag |
First Indicator |
Second Indicator |
Subfields |
| LEADER |
00000cam a2200000 a 4500 |
| 001 |
in00000097046 |
| 005 |
20150924084928.0 |
| 008 |
820505s1981 miua bs s00010 eng |
| 010 |
|
|
|a 81623446
|
| 020 |
|
|
|a 0879442735 (pbk.)
|
| 035 |
|
|
|a (OCoLC)08475795
|
| 035 |
|
|
|9 AAK8918AM
|
| 039 |
0 |
|
|a 2
|b 3
|c 3
|d 3
|e 3
|
| 040 |
|
|
|a DLC
|c DLC
|d TXA
|d UtOrBLW
|
| 043 |
|
|
|a n-us-mi
|
| 049 |
|
|
|a TXAM
|c [1562046]
|
| 050 |
0 |
0 |
|a GV54 M52
|b D475
|
| 082 |
0 |
|
|a 333.78/3/09774
|2 19
|
| 100 |
1 |
|
|a Marans, Robert W.
|
| 245 |
1 |
0 |
|a Recreation and the quality of urban life :
|b recreational resources, behaviors, and evaluations of people in the Detroit region /
|c Robert W. Marans, J. Mark Fly.
|
| 264 |
|
1 |
|a Ann Arbor, Mich. :
|b Urban Environmental Research Program, Survey Research Center, Institute for Social Research, University of Michigan,
|c 1981.
|
| 300 |
|
|
|a vi, 234 pages :
|b illustrations ;
|c 28 cm.
|
| 336 |
|
|
|a text
|b txt
|2 rdacontent
|
| 337 |
|
|
|a unmediated
|b n
|2 rdamedia
|
| 338 |
|
|
|a volume
|b nc
|2 rdacarrier
|
| 490 |
1 |
|
|a Research report series / Institute for Social Research
|
| 504 |
|
|
|a Bibliography: pages 231-234.
|
| 650 |
|
0 |
|a Recreation
|z Michigan
|z Detroit Metropolitan Area.
|
| 650 |
|
0 |
|a Recreational surveys
|z Michigan
|z Detroit Metropolitan Area.
|
| 650 |
|
0 |
|a Quality of life
|z Michigan
|z Detroit Metropolitan Area.
|
| 650 |
|
0 |
|a Social surveys
|z Michigan
|z Detroit Metropolitan Area.
|
| 700 |
1 |
|
|a Fly, J. Mark.
|
| 830 |
|
0 |
|a Research report series (University of Michigan. Institute for Social Research)
|
| 999 |
|
|
|a MARS
|
| 999 |
f |
f |
|s cd66ffa1-a415-3a55-9bfa-ca4400f70bb6
|i 97f09fa4-fa5c-3de6-9d91-cf4b2b309947
|t 0
|
| 952 |
f |
f |
|p ric
|a Texas A&M University
|b Rellis Campus
|c Joint Library Facility
|d Remote Storage
|t 0
|e GV54 M52 D475
|h Library of Congress classification
|i unmediated -- volume
|m A14806040576
|
| 998 |
f |
f |
|a GV54 M52 D475
|t 0
|l Remote Storage
|